Culture générale de A à Z #2 - Statistiques

Statistiques générales
  • Ce quiz a été pris 5 778 fois
  • Le résultat moyen est 18 sur 26
Statistiques - réponses
Lettre Questions Réponses % Correct
F Helsinki est sa capitale. Finlande
97%
N Fille de ma sœur. Nièce
95%
J Partie du corps ou l'on retrouve les quadriceps ou les adducteurs. Jambe
94%
L Surnommé le roi soleil. Louis XIV
94%
O L'air en est constitué à 21%. Oxygène
92%
D Il est parfois appelé Lucifer ou Satan dans la Bible, et Iblis (« le désespéré ») dans le Coran. Le Diable
88%
S 6ème planète de notre système solaire en partant du soleil. Saturne
88%
C Nationalité de la chanteuse Shakira. Colombienne
86%
T Leonardo, Raphaël, Donatello et Michelangelo en sont des "Ninjas". Tortues
86%
A Arme à distance qui utilise un dispositif de lancement élastique semblable à un arc. Arbalète
76%
P Édifice qui abrite le quartier général du département de la Défense au USA. Pentagone
72%
E Magicien-humoriste français, membre du jury de "La France à un incroyable talent". Eric Antoine
69%
G Interprète de Quasimodo dans la comédie musicale "Notre dame de paris" en 1998. Garou
65%
W Nom du meilleur ami et "associé" de Sherlock Holmes. John Watson
62%
X 23ème paire de chromosomes chez un homme. XY
59%
I Footballeur, milieu de terrain espagnol qui évoluait au FC Barcelone, prénommé Andrès. Iniesta
58%
Q Racine carré de 196. 14
57%
H Nom du célèbre docteur de fiction joué par Hugh Laurie. Dr House
57%
R Évolution de Pikachu. Raichu
56%
V Département français qui doit son nom au massif montagneux qui occupe un grande partie de son territoire. Vosges
56%
B Petit bonbon dur et rond, spécialités de la ville de Cambrai. Bêtise
51%
K Pays qui porte également le nom de sa capitale. Koweit
49%
Y Habitat traditionnel de nombreux nomades vivant en Asie centrale, notamment les Turcs, mongols et les wakhis. Yourte
47%
U Prénom de la sœur jumelle de Phoebe dans la série "Friends". Ursula
43%
Z Ancien nom de la république démocratique du Congo. Zaïre
41%
M Film d'animation de Hayao Miyazaki, dans lequel Mei et Satsuki s'installent avec leur père, à la lisière d'une forêt peuplée d'étranges créatures. Mon voisin Totoro
31%
Aucun quiz correspondant
Distribution des résultats
% des personnes avec chaque résultat
Percentile par nombre de réponses
Votre historique - résultats
Vous n’avez pas pris ce quiz